000 00583cam a2200217ua 4500
001 9715
008 160802n ii |||gr||||Z||||||eng
020 _a9788127240493
040 _cMAIN
041 _aeng
082 _a320.5
100 _aBhagwan, Vishnoo,
_eAuthor.
100 _aBhushan, Vidya,
_eAuthor.
245 _aPolitical science :
_bpolitical theory /
_cby Vishnoo Bhagwan .
250 _a1st ed. /
_bTDC-I (Core).
260 _aLudhiana:
_bKalyani publishers,
_c2008.
300 _a304p.
653 _aPolitical science
653 _aPolitical theory
942 _cBK
999 _c8728
_d8728